Hoofdsteden per Letter - M - Statistieken

Algemene statistieken
  • Deze quiz is 2.053 keer genomen
  • De gemiddelde score is 10 van 19
Antwoordstatistieken
Land Hoofdstad % Correct
Spanje Madrid
90%
Mexico Mexico-Stad
73%
Uruguay Montevideo
72%
Rusland Moskou
70%
Monaco Monaco
69%
Belarus Minsk
67%
Filipijnen Manilla
60%
Nicaragua Managua
52%
Mozambique Maputo
52%
Somalië Mogadishu
51%
Liberia Monrovia
49%
Bahrein Manamah
47%
Maldiven Malé
46%
Oman Masqat
43%
Lesotho Maseru
41%
Marshalleilanden Majuro
38%
Equatoriaal-Guinea Malabo
38%
Eswatini Mbabane
37%
Comoren Moroni
36%
Geen overeenkomende quizzen gevonden
Scoreverdeling
Procent van Mensen met Elke Score
Percentiel versus Aantal Correcte Antwoorden
Uw Scoregeschiedenis
U heeft deze quiz nog niet genomen